[Event "Challenge"]
[Site "http://www.queenalice.com/game.php?id=352771"]
[Date "2008.2.11"]
[Round "-"]
[White "pabloitu"]
[Black "Cristianovisk"]
[Result "1-0"]
[WhiteElo "1329"]
[BlackElo "1195"]

1. e4 e6 2. Qf3 Bd6 3. Nh3 Nf6 4. Nc3 a5 5. Bc4 b6 6. e5 Bxe5 7. Qxa8 Nc6 8. d4
Nxd4 9. Bd3 c6 10. Ne4 Nxe4 11. Bxe4 Qh4 12. Qxc8+ Qd8 13. Qa6 O-O 14. Qd3 c5
15. Ng5 d5 16. Bxd5 Qxd5 17. Qxh7# 1-0

[Event "Challenge"]
[Site "http://www.queenalice.com/game.php?id=353180"]
[Date "2008.2.12"]
[Round "-"]
[White "clodoaldopaiva"]
[Black "Cristianovisk"]
[Result "1-0"]
[WhiteElo "1382"]
[BlackElo "1204"]

1. Nf3 h6 2. e3 e6 3. Be2 Bd6 4. b3 Nf6 5. d4 c5 6. Nc3 a5 7. Nb5 Qb6 8. Bb2 h5
9. dxc5 Qxc5 10. Nxd6+ Kd8 11. Nxf7+ Ke7 12. Nxh8 a4 13. Bd4 Qa3 14. Qd3 b6 15.
Bxb6 d5 16. Qd4 Kd6 17. e4 Nxe4 18. Qe5+ Kc6 19. Qc7# 1-0

[Event "Challenge"]
[Site "http://www.queenalice.com/game.php?id=362036"]
[Date "2008.2.27"]
[Round "-"]
[White "clodoaldopaiva"]
[Black "Cristianovisk"]
[Result "1-0"]
[WhiteElo "1507"]
[BlackElo "1195"]

1. e4 a5 2. c4 e6 3. d4 b6 4. Be3 g6 5. Nc3 Na6 6. Nf3 c6 7. d5 exd5 8. exd5 Bb4
9. Qd4 Qf6 10. Qe4+ Qe7 11. dxc6 Nc5 12. cxd7+ Bxd7 13. Qxa8+ Qd8 14. Qd5 Ne7
15. Qe5 f6 16. Qxf6 Nd5 17. Bh6 Nxf6 18. Be2 Bf5 19. O-O Rg8 20. a3 Bxc3 21.
bxc3 Ke7 22. Bg5 Qd6 23. Nd4 Ne4 24. Bd3 Qe5 25. Nc6+ Kd6 26. Nxe5 Kxe5 27. Rfe1
Rd8 28. Bc2 Rd2 29. Bxd2 h5 30. f3 h4 31. fxe4 Bxe4 32. Ba4 g5 33. Bxg5 Ng4 34.
Bd8 Kf4 35. g3+ hxg3 36. hxg3+ Kf3 37. Bd1+ Kxg3 38. Rxe4 Nf2 39. Bc7+ Kh3 40.
Kxf2 a4 41. Bxa4 1-0

[Event "Challenge"]
[Site "http://www.queenalice.com/game.php?id=509376"]
[Date "2008.12.18"]
[Round "-"]
[White "Cristianovisk"]
[Black "cesarcalegari"]
[Result "1-0"]
[WhiteElo "1180"]
[BlackElo "1223"]

1. e3 e5 2. a3 Na6 3. c3 Qf6 4. g3 Nc5 5. Bh3 Ne4 6. Nf3 d6 7. a4 Bxh3 8. d3 Nc5
9. Rg1 e4 10. dxe4 Nh6 11. Ra3 Be7 12. c4 O-O 13. Nc3 Rad8 14. Nd5 Qg6 15. Nxe7+
Kh8 16. Nxg6+ Kg8 17. Nxf8 Kxf8 18. Qd5 c6 19. Qh5 Be6 20. Ke2 Bg4 21. Qh4 Re8
22. Rd1 Rxe4 23. Qd8+ Re8 24. Qxd6+ Kg8 25. Qxc5 Nf5 26. h3 Bxh3 27. b4 h5 28.
Qxa7 g5 29. Nxg5 Bg4+ 30. f3 Nxg3+ 31. Kf2 h4 32. Qxb7 Rf8 33. Rad3 f6 34. fxg4
fxg5+ 35. Kg2 Ne4 36. Bb2 Rf2+ 37. Kh3 Rf3+ 38. Kg2 Rf2+ 39. Kg1 h3 40. Rd8+ Rf8
41. Bg7 Rxd8 42. Rxd8+ Kh7 43. Rh8+ Kg6 44. Rh6# 1-0

[Event "Challenge"]
[Site "http://www.queenalice.com/game.php?id=509413"]
[Date "2008.12.18"]
[Round "-"]
[White "Cristianovisk"]
[Black "fferraz"]
[Result "1-0"]
[WhiteElo "1200"]
[BlackElo "1348"]

1. g3 c5 2. e3 e5 3. Qf3 c4 4. Bh3 Na6 5. Bf5 Nh6 6. b3 d5 7. g4 e4 8. Qf4 g5 9.
Qe5+ Be6 10. Qxh8 Bxf5 11. gxf5 Nxf5 12. Ba3 Nd6 13. Qe5+ Qe7 14. Qxd5 Nc7 15.
Qd4 Ncb5 16. Qh8 c3 17. dxc3 Qe5 18. Qxh7 Qxc3+ 19. Nxc3 Nxc3 20. h4 Ndb5 21.
Bxf8 Kxf8 22. hxg5 Ke7 23. g6 Na3 24. Qxf7+ Kd6 25. g7 Nd5 26. Rh8 Rxh8 27.
gxh8=Q Nxc2+ 28. Kd1 Nxa1 29. Nf3 exf3 30. Qxa1 b5 31. Qxf3 a5 32. e4 Nb4 33. a3
a4 34. axb4 axb3 35. e5+ Ke6 36. Qf6+ Kd5 37. e6 1-0

[Event "Challenge"]
[Site "http://www.queenalice.com/game.php?id=509414"]
[Date "2008.12.18"]
[Round "-"]
[White "Cristianovisk"]
[Black "luth"]
[Result "0-1"]
[WhiteElo "1191"]
[BlackElo "1326"]

1. c3 c5 2. h4 a5 3. e3 Nc6 4. Bc4 Ne5 5. Nf3 Nxc4 6. a4 g6 7. Qb3 d5 8. g4 Bxg4
9. Qb5+ Qd7 10. Ng1 Bh6 11. f3 Nd6 12. Qxc5 Rc8 13. Qxa5 Nc4 14. Qa7 Nf6 15.
fxg4 b6 16. Qxd7+ Kxd7 17. Nf3 Nxg4 18. Rg1 f5 19. b3 Na5 20. d4 Nxb3 21. Ra2
Nxc1 22. Rb2 Nd3+ 23. Kd1 Nxb2+ 24. Kc2 Nxa4 25. Na3 Rxc3+ 26. Kd2 Bxe3+ 27. Ke2
Rxa3 28. Rh1 Nc3+ 29. Kd3 f4 30. Ng5 Nf2+ 31. Kc2 Nxh1 32. Kd3 Nf2+ 33. Kc2 Bxd4
34. Nf7 Rf8 0-1

[Event "Revanche!!"]
[Site "http://www.queenalice.com/game.php?id=559291"]
[Date "2009.3.21"]
[Round "-"]
[White "Cristianovisk"]
[Black "luth"]
[Result "1-0"]
[WhiteElo "1269"]
[BlackElo "1346"]

1. e4 e5 2. Bd3 Nc6 3. a4 a5 4. c4 Rb8 5. Qf3 Nd4 6. Nh3 Nb3 7. Ra2 Nxc1 8. Ng5
Qxg5 9. h4 Qe7 10. Nc3 Qd6 11. Nd5 Nxa2 12. Rh3 c6 13. c5 Qxc5 14. Qf5 d6 15.
Nc7+ Ke7 16. Qf3 Kd7 17. Qxf7+ Be7 18. Ne6 Qc1+ 19. Ke2 Nf6 20. Nxg7 Kd8 21.
Qxa2 b5 22. Qf7 bxa4 23. h5 Rxb2 24. g4 Bxg4+ 25. Rf3 Rxd2+ 26. Ke3 Qe1+ 27. Be2
1-0

[Event "Challenge2"]
[Site "http://www.queenalice.com/game.php?id=559311"]
[Date "2009.3.21"]
[Round "-"]
[White "Cristianovisk"]
[Black "fferraz"]
[Result "1-0"]
[WhiteElo "1222"]
[BlackElo "1309"]

1. e4 Nf6 2. Bd3 e5 3. Nc3 d5 4. Bb5+ Bd7 5. exd5 c6 6. dxc6 bxc6 7. Bc4 Bg4 8.
f3 Qd4 9. b3 Bc5 10. fxg4 Nxg4 11. Qf3 Nxh2 12. Qxf7+ Kd8 13. Nce2 Qxa1 14. Qb7
Rf8 15. Nh3 Ng4 16. Qxa8 Bf2+ 17. Kf1 Be3+ 18. Ke1 Kc7 19. dxe3 Nd7 20. Qxa7+
Kd6 21. Ng5 Nxe3 22. Kd2 Rf5 23. Ne6 e4 24. Qc7+ Ke7 25. Ba3+ Kf6 26. Rxa1 Ne5
27. Qxg7# 1-0

[Event "Challenge"]
[Site "http://www.queenalice.com/game.php?id=563013"]
[Date "2009.3.28"]
[Round "-"]
[White "Cristianovisk"]
[Black "cesarcalegari"]
[Result "1-0"]
[WhiteElo "1241"]
[BlackElo "1227"]

1. e4 e5 2. h4 g5 3. g3 Nh6 4. hxg5 Ng4 5. Qxg4 f6 6. b4 Bxb4 7. a4 d6 8. Qh5+
Kd7 9. a5 a6 10. c3 Bc5 11. Na3 Nc6 12. Rb1 Nxa5 13. Qf7+ Qe7 14. Qxf6 Rf8 15.
Qh6 Qf7 16. Ne2 Bxf2+ 17. Kd1 Qa2 18. Bh3+ Kc6 19. Qxh7 Nb3 20. Ng1 Nc5 21. d4
Nd3 22. g6 Bxg3 23. d5+ Kc5 24. Be3# 1-0

[Event "Challenge3"]
[Site "http://www.queenalice.com/game.php?id=565576"]
[Date "2009.4.2"]
[Round "-"]
[White "fferraz"]
[Black "Cristianovisk"]
[Result "1-0"]
[WhiteElo "1258"]
[BlackElo "1288"]

1. Nf3 e6 2. d4 a5 3. Qd3 b6 4. Bg5 f6 5. d5 fxg5 6. dxe6 dxe6 7. Ne5 Na6 8. Nc6
Qd5 9. Nc3 Qxc6 10. O-O-O Bd7 11. Qh3 O-O-O 12. e4 h5 13. Bb5 Qc5 14. Bxd7+ Kb7
15. Qxe6 Ne7 16. Na4 Rh6 17. Nxc5+ bxc5 18. Qb3+ Nb4 19. a3 g4 20. axb4 axb4 21.
Qa4 g5 22. Qb5+ Rb6 23. Bc6+ Ka7 24. Rxd8 Rxb5 25. Bxb5 Bg7 26. Kd2 Bd4 27. Ra1+
Kb7 28. Rda8 c4 29. c3 bxc3+ 30. bxc3 Bxf2 31. Bxc4 g3 32. Bd5+ Nxd5 33. exd5
gxh2 34. Rf8 Bc5 35. Rb1+ Bb6 36. Rf7 Ka6 37. Ra1+ Kb5 38. Rf5 Ba5 39. d6+ Kc6
40. Rf6 cxd6 41. Rxa5 h1=Q 42. Ra6+ Kd5 43. Raxd6+ Ke5 44. Rde6+ Kd5 45. Rd6+
Kc5 46. Rd8 Qxg2+ 47. Ke3 h4 48. Rf5+ Kc4 49. Rc8+ Kb3 50. Rb5+ Kc2 51. Kd4 h3
52. Rcb8 h2 53. Rb2+ Kd1 54. Rb1+ Ke2 55. R8b2+ Kf3 56. Rxg2 h1=Q 57. Rxh1 Kxg2
58. Rh5 g4 59. Ke4 Kf2 60. Rh2+ Kg3 61. Rh5 Kg2 62. Kf4 g3 63. Rg5 Kf2 64. Rxg3
Ke2 65. c4 Kd2 66. c5 Kc2 67. c6 Kd2 68. c7 Ke2 69. c8=Q Kf2 70. Qc2+ Kf1 71.
Qg2+ Ke1 72. Re3+ Kd1 73. Ra3 Kc1 74. Ra1# 1-0

[Event "Challenge"]
[Site "http://www.queenalice.com/game.php?id=569201"]
[Date "2009.4.9"]
[Round "-"]
[White "Cristianovisk"]
[Black "cesarcalegari"]
[Result "0-1"]
[WhiteElo "1290"]
[BlackElo "1263"]

1. e4 e5 2. h4 d5 3. exd5 Qxd5 4. Nc3 Qc6 5. Rh3 Qd6 6. a4 Bxh3 7. gxh3 Nf6 8.
Bg2 c6 9. Ne4 Qd4 10. d3 Nbd7 11. Be3 Bb4+ 12. c3 Qc5 13. Nxc5 Bxc5 14. Nf3 Nd5
15. Bxc5 Nxc5 16. b4 Nd7 17. a5 Nf4 18. Bf1 O-O 19. a6 bxa6 20. Rxa6 Nf6 21.
Rxc6 Rfe8 22. d4 Rad8 23. Qb3 exd4+ 24. Be2 Rxe2+ 25. Kd1 dxc3+ 26. Kc1 Rb2 27.
Qxc3 Nd3+ 28. Kd1 Nf4+ 29. Kc1 Nd3+ 30. Kd1 Rb1+ 31. Kc2 Rc1+ 32. Kb3 Rxc3+ 33.
Kxc3 h5 34. Ng5 Nd5+ 35. Kc4 Ne7 36. Rc7 Ne5+ 37. Kc3 Nd5+ 38. Kd4 Nxc7+ 39.
Kxe5 f6+ 40. Ke4 fxg5 41. hxg5 Ne6 42. f4 Re8 43. f5 Nxg5+ 44. Kf4 Nxh3+ 45. Kg3
Re3+ 46. Kh4 Nf2 47. Kxh5 Rb3 48. Kg6 Rxb4 49. f6 Rg4+ 50. Kf5 a5 51. fxg7 a4
52. Kf6 a3 53. Kf5 a2 54. Kf6 a1=Q+ 55. Kf5 Qxg7 56. Ke6 Qg6+ 57. Ke5 Qg5+ 58.
Kd6 Rd4+ 59. Kc7 Qc5+ 60. Kb7 Rb4+ 61. Ka6 Rb6+ 62. Ka7 Qa5# 0-1

[Event "Challenge4"]
[Site "http://www.queenalice.com/game.php?id=589144"]
[Date "2009.5.16"]
[Round "-"]
[White "fferraz"]
[Black "Cristianovisk"]
[Result "1-0"]
[WhiteElo "1372"]
[BlackElo "1255"]

1. Nf3 e6 2. e4 b6 3. Ne5 Qf6 4. d4 a5 5. g4 h6 6. h4 Bb7 7. g5 hxg5 8. hxg5 Qe7
9. g6 Rxh1 10. gxf7+ Qxf7 11. Nxf7 Kxf7 12. Qf3+ Nf6 13. Qxh1 Nxe4 14. Qh5+ Kf6
15. Qf3+ Ke7 16. Nc3 d5 17. Nb5 Nc6 18. Nxc7 Rd8 19. Qa3+ Nb4 20. Bd3 Ng5 21.
Bxg5+ Kd7 22. Qc3 Bd6 23. Bb5+ Bc6 24. a3 Rc8 25. axb4 Bxb5 26. bxa5 Rxc7 27.
axb6 Rxc3 28. bxc3 Kc6 29. Bd8 g5 30. Ra7 e5 31. Bc7 Bxc7 32. Rxc7+ Kxb6 33. Rg7
exd4 34. cxd4 Bc4 35. Rg6+ Kb5 36. Rxg5 Kb4 37. f4 Kc3 38. f5 Kxd4 39. f6 Kc3
40. f7 Kxc2 41. f8=Q d4 42. Qf2+ Kc3 43. Qd2+ Kb3 44. Qxd4 Kc2 45. Qxc4+ Kb1 46.
Rb5+ Ka1 47. Qa4# 1-0

[Event "Challenge"]
[Site "http://www.queenalice.com/game.php?id=591715"]
[Date "2009.5.21"]
[Round "-"]
[White "cesarcalegari"]
[Black "Cristianovisk"]
[Result "1-0"]
[WhiteElo "1233"]
[BlackElo "1273"]

1. e4 a5 2. d4 e6 3. Nf3 Qf6 4. Bg5 Qg6 5. d5 Qxe4+ 6. Be2 Bb4+ 7. c3 Bc5 8.
dxe6 Qxe6 9. O-O Nc6 10. b3 d5 11. Bb5 Nf6 12. Re1 Be3 13. Rxe3 Ne4 14. c4 O-O
15. cxd5 Qe5 16. Nxe5 Nxg5 17. Nxc6 Bf5 18. Ne7+ Kh8 19. Nxf5 g6 20. Qd4+ f6 21.
Nh6 b6 22. Rf3 c5 23. Qe3 Rfe8 24. Bxe8 Nxf3+ 25. gxf3 f5 26. Qe5# 1-0

[Event "Challenge"]
[Site "http://www.queenalice.com/game.php?id=606774"]
[Date "2009.6.21"]
[Round "-"]
[White "cesarcalegari"]
[Black "Cristianovisk"]
[Result "0-1"]
[WhiteElo "1276"]
[BlackElo "1244"]

1. e4 e5 2. Nc3 Nf6 3. Qf3 d6 4. d3 Be7 5. Bg5 Ng4 6. Nd5 Bxg5 7. h3 Nh6 8. h4
Bg4 9. Qg3 c5 10. hxg5 Qxg5 11. Nf3 Qd8 12. O-O-O Nc6 13. Rh4 f5 14. exf5 Rf8
15. Ng5 Qxg5+ 16. f4 Qxf5 17. Ne3 Qxf4 18. Rxg4 Nxg4 19. Qh3 Qxe3+ 20. Qxe3 Nxe3
21. Re1 Nxf1 22. Rxf1 Rxf1+ 23. Kd2 O-O-O 24. Ke2 Rdf8 25. c4 R8f2+ 26. Ke3 Nb4
27. g4 Rxb2 28. g5 d5 29. cxd5 Re1+ 30. Kf3 Nxd3 31. d6 e4+ 32. Kg4 Rg1+ 33. Kf5
e3 34. Ke6 Rb6 35. Ke7 Ne5 36. Ke6 e2 37. Kxe5 e1=Q+ 38. Kd5 Qc1 39. Ke6 Qxg5
0-1

[Event "Challenge5"]
[Site "http://www.queenalice.com/game.php?id=620982"]
[Date "2009.7.18"]
[Round "-"]
[White "fferraz"]
[Black "Cristianovisk"]
[Result "1-0"]
[WhiteElo "1397"]
[BlackElo "1261"]

1. Nf3 a5 2. e4 f6 3. d4 e6 4. e5 b6 5. exf6 Nxf6 6. Bg5 a4 7. Ne5 Bb4+ 8. c3
Ba5 9. b4 d6 10. Bb5+ c6 11. Nxc6 Nxc6 12. Bxc6+ Bd7 13. Bxa8 Qxa8 14. bxa5 Nd5
15. Qh5+ g6 16. Qh6 Qxa5 17. O-O Bb5 18. Re1 e5 19. Qg7 Rf8 20. dxe5 Bd3 21.
exd6+ Be4 22. Rxe4+ Ne7 23. Qxe7# 1-0